LEADER 01290nam 2200385 n 450 001 996392785003316 005 20200824121725.0 035 $a(CKB)4940000000112272 035 $a(EEBO)2248513573 035 $a(UnM)99871631e 035 $a(UnM)99871631 035 $a(EXLCZ)994940000000112272 100 $a19951219d1658 uy | 101 0 $aeng 135 $aurbn||||a|bb| 200 13$aAn English-Greek grammar$b[electronic resource] $ecomposed for the use and benefit of such as desire the knowledge of that tongue. /$fBy J.C. Gent 210 $aLondon, $c[s.n.]$dPrinted in the year 1658 215 $a[2], 62 p 300 $aJ.C. = Joseph Caryl. 300 $aAlso issued as part of: T.C. An English-Greek lexicon (Wing C753). 300 $aAnnotation on Thomason copy: "K." following author statement. 300 $aReproduction of the original in the British Library. 330 $aeebo-0018 606 $aGreek language$xGrammar$y1500-1799 615 0$aGreek language$xGrammar 700 $aCaryl$b Joseph$f1602-1673.$01003625 801 0$bCu-RivES 801 1$bCu-RivES 801 2$bCStRLIN 801 2$bCu-RivES 801 2$bWaOLN 906 $aBOOK 912 $a996392785003316 996 $aAn English-Greek grammar$92411598 997 $aUNISA LEADER 01621oam 2200457I 450 001 9910711863903321 005 20190201143428.0 035 $a(CKB)5470000002487442 035 $a(OCoLC)1046653864 035 $a(EXLCZ)995470000002487442 100 $a20180730d1960 ua 0 101 0 $aeng 135 $aur||||||||||| 181 $ctxt$2rdacontent 182 $cc$2rdamedia 183 $acr$2rdacarrier 200 10$aCompilation of records of surface waters of the United States through September 1950$hPart 1-B$iNorth Atlantic slope basins New York to York River /$fprepared under the direction of J.V.B. Wells 210 1$a[Washington, D.C.] :$cUnited States Department of the Interior, Geological Survey,$d1960. 215 $a1 online resource (v, 679 pages, 1 page of plates) $cillustrations, map 225 1 $aGeological Survey water-supply paper ;$v1302 300 $aIncludes index. 606 $aStream measurements$zNortheastern States 606 $aWater-supply$zNortheastern States 606 $aStream measurements$2fast 606 $aWater-supply$2fast 607 $aNortheastern States$2fast 615 0$aStream measurements 615 0$aWater-supply 615 7$aStream measurements. 615 7$aWater-supply. 700 $aWells$b J. V. B.$01385991 712 02$aGeological Survey (U.S.), 801 0$bCOP 801 1$bCOP 801 2$bOCLCO 801 2$bOCLCF 801 2$bGPO 906 $aBOOK 912 $a9910711863903321 996 $aCompilation of records of surface waters of the United States through September 1950$93446974 997 $aUNINA LEADER 01507nam 2200409 450 001 9910703729403321 005 20160804151721.0 035 $a(CKB)5470000002434429 035 $a(OCoLC)954778673 035 $a(EXLCZ)995470000002434429 100 $a20160804d2014 ua 0 101 0 $aeng 135 $aurbn||||||||| 181 $ctxt$2rdacontent 182 $cc$2rdamedia 183 $acr$2rdacarrier 200 10$aBaccalaurate and beyond $ea first look at the employment experiences and lives of college graduates, 4 years on (B&B:08/12) /$fEmily Forrest Cataldi [and four others] 210 1$a[Washington, D.C.] . :$cU.S. Department of Education, National Center for Education Statistics, Institute of Education Sciences,$d[2014] 215 $a1 online resource (viii, 18, 4, 27 pages) 225 1 $aFirst look 300 $aTitle from title screen (viewed on August 4, 2016). 300 $a"July 2014." 300 $a"NCES 2014-141." 320 $aIncludes bibliographical references (page 17). 517 $aBaccalaurate and beyond 606 $aCollege graduates$xEmployment$zUnited States 606 $aCollege graduates$zUnited States 615 0$aCollege graduates$xEmployment 615 0$aCollege graduates 700 $aCataldi$b Emily Forrest$01381298 712 02$aNational Center for Education Statistics, 801 0$bGPO 801 1$bGPO 906 $aBOOK 912 $a9910703729403321 996 $aBaccalaurate and beyond$93461952 997 $aUNINA LEADER 01178nam a22002651i 4500 001 991001401649707536 005 20250203083523.0 008 040407s1979 it er 001|0 ita 035 $ab12764711-39ule_inst 035 $aARCHE-074434$9ExL 040 $aDip.to Scienze Storiche$bita$cA.t.i. Arché s.c.r.l. Pandora Sicilia s.r.l.$dSocioculturale Scs 082 04$a261.7094$223 100 1 $aPellegrino, Bruno$0139682 245 10$aChiesa e rivoluzione unitaria nel Mezzogiorno :$bl'episcopato meridionale dall'assolutismo borbonico allo Stato borghese (1860-1861) /$cBruno Pellegrino 260 $aRoma :$bEdizioni di storia e letteratura,$c1979 300 $a217 p. ;$c26 cm 490 1 $aBiblioteca di storia sociale ;$v10 651 4$aItalia meridionale$xPolitica ecclesiastica$ySec. 19. 830 0$aBiblioteca di storia sociale ;$v10 907 $a.b12764711$b02-04-14$c16-04-04 912 $a991001401649707536 945 $aLE009 STOR.62-133$g1$i2009000208643$lle009$o-$pE0.00$q-$rn$so$t0$u0$v0$w0$x0$y.i13306078$z16-04-04 996 $aChiesa e rivoluzione unitaria nel Mezzogiorno$925894 997 $aUNISALENTO 998 $ale009$b16-04-04$cm$da$e-$fita$git$h0$i1